BIBLIOTECA

SENCICO

Responsabilidad social y sostenibilidad empresarial : (Registro nro. 2615)

Detalles MARC
000 -LEADER
fixed length control field 00815nam a2200229Ia 4500
003 - CONTROL NUMBER IDENTIFIER
control field PE SENCICO BE
005 - DATE AND TIME OF LATEST TRANSACTION
control field 20251020182548.0
008 - FIXED-LENGTH DATA ELEMENTS--GENERAL INFORMATION
fixed length control field 200515s9999 xx 000 0 und d
040 ## - CATALOGING SOURCE
Original cataloging agency PE SENCICO BE
Transcribing agency PE SENCICO BE
041 ## - LANGUAGE CODE
Language code of text/sound track or separate title spa
082 ## - DEWEY DECIMAL CLASSIFICATION NUMBER
Classification number 658.408
Item number R
245 10 - TITLE STATEMENT
Title Responsabilidad social y sostenibilidad empresarial :
Remainder of title fundamentos, gestión y perspectivas /
Statement of responsibility, etc. Kety Jáuregui, José Ventura, Julián Gallardo
260 ## - PUBLICATION, DISTRIBUTION, ETC.
Place of publication, distribution, etc. Lima :
Name of publisher, distributor, etc. Pearson,
Date of publication, distribution, etc. 2018
300 ## - PHYSICAL DESCRIPTION
Extent 631 p. :
Other physical details diagrs.,
Dimensions 23 cm.
650 10 - SUBJECT ADDED ENTRY--TOPICAL TERM
Topical term or geographic name entry element Responsabilidad social de la empresa
9 (RLIN) 1334
650 20 - SUBJECT ADDED ENTRY--TOPICAL TERM
Topical term or geographic name entry element Desarrollo sostenible
9 (RLIN) 1335
650 20 - SUBJECT ADDED ENTRY--TOPICAL TERM
Topical term or geographic name entry element Planificación empresarial
9 (RLIN) 419
700 1# - ADDED ENTRY--PERSONAL NAME
9 (RLIN) 1331
Personal name Jáuregui, Kety
Relator term editor
700 1# - ADDED ENTRY--PERSONAL NAME
9 (RLIN) 1332
Personal name Ventura, José
Relator term editor
700 1# - ADDED ENTRY--PERSONAL NAME
9 (RLIN) 1333
Personal name Gallardo, Julián
Relator term editor
942 ## - ADDED ENTRY ELEMENTS (KOHA)
Koha item type Libros
Source of classification or shelving scheme Dewey Decimal Classification
Existencias
Fecha de la última vez que lo usaron Número de ingreso o de inventario Pago total Signatura topográfica completa Precio efectivo desde Tipo de documento Estado perdido Sistema de clasificación Estado dañado No es para préstamo Retirado Ubicación permanente Ubicación actual Fecha de adquisición Fuente de adquisición
15/05/2020 16622   658.408/R 20/10/2025 Libros   Dewey Decimal Classification       Biblioteca Central Lima Biblioteca Central Lima 26/07/2023 Comprado de la librería Libun